|
|
|
|
| LEADER |
00000nam a2200000 a 4500 |
| 001 |
UCO5895 |
| 003 |
CL-VaPUC |
| 005 |
20211117074540.0 |
| 008 |
000915e19960500MX |||||||||||||||||spa|d |
| 999 |
|
|
|c 291715
|d 291713
|
| 020 |
|
|
|a 9682454123
|
| 040 |
|
|
|c Pontificia Universidad Católica de Valparaíso
|
| 082 |
0 |
4 |
|a 631.4 FIT 1996
|2 21
|
| 100 |
0 |
|
|a FitzPatrick, Ewart Adsil
|9 450675
|
| 245 |
1 |
0 |
|a Introducción a la Ciencia de los suelos
|
| 260 |
|
|
|a Ciudad de México
|b Trillas
|c 1996
|
| 300 |
|
|
|a 288 páginas
|
| 583 |
|
|
|a last modification
|c 20000915 00:00:00
|k Rodrigo Vera
|
| 650 |
|
0 |
|a Suelos
|9 260322
|
| 650 |
|
7 |
|a CIENCIA DEL SUELO
|2 CL-VaPUC
|9 407426
|
| 650 |
|
0 |
|a Composición del suelo
|9 392557
|
| 650 |
|
7 |
|a PERFILES DE LOS SUELOS
|2 CL-VaPUC
|9 450676
|
| 650 |
|
0 |
|a Geografía física
|9 259347
|
| 650 |
|
0 |
|a Propiedades del suelo
|9 350106
|
| 942 |
|
|
|c BK
|2 ddc
|
| 945 |
|
|
|d 20000915 00:00:00
|a cmena
|
| 952 |
|
|
|0 0
|1 0
|2 ddc
|4 0
|6 631_400000000000000_FIT_1996
|7 0
|8 A
|9 341849
|a BIBAGR
|b BIBAGR
|d 2019-11-20
|i 4043626
|o 631.4 FIT 1996
|p 4043626
|r 2025-01-20
|t 3
|w 2019-11-20
|y BK
|k AGR
|